| 000 | 00433nam a2200133 4500 | ||
|---|---|---|---|
| 001 | 5144 | ||
| 005 | 20181127174902.0 | ||
| 020 | 0 | 0 | _a9780230636118 |
| 090 | 0 | 0 | _a657 M1675p 2008 |
| 245 | 0 | 0 |
_aPrinciples practices of banking : _bfor JAIIB/Diploma in banking & finance examination / _cIndian Institute of Banking & Finance. _h |
| 260 | 0 | 0 |
_aChennai : _bMacmillan, _c2008. |
| 300 | 0 | 0 | _a480 p. ; 25 cm. |
| 650 | 0 | 0 |
_aBanks and banking--Accounting. _x |
| 999 |
_c4309 _d4309 |
||